| 000 -LEADER |
| fixed length control field |
00998cam a22002535a 4500 |
| 005 - DATE AND TIME OF LATEST TRANSACTION |
| control field |
20200317105642.0 |
| 008 - FIXED-LENGTH DATA ELEMENTS--GENERAL INFORMATION |
| fixed length control field |
030317s2003 enkab 000 0 eng |
| 020 ## - INTERNATIONAL STANDARD BOOK NUMBER |
| International Standard Book Number |
0470858311 |
| 040 ## - CATALOGING SOURCE |
| Original cataloging agency |
UKM |
| Transcribing agency |
DLC |
| Modifying agency |
UKM |
| -- |
OCLCQ |
| -- |
VPI |
| -- |
DLC |
| 082 04 - DEWEY DECIMAL CLASSIFICATION NUMBER |
| Classification number |
720.950 |
| Edition number |
21 |
| Item number |
BOY |
| 245 00 - TITLE STATEMENT |
| Title |
Urban flashes Asia : |
| Remainder of title |
new architecture and urbanism in Asia / |
| Statement of responsibility, etc |
guest-edited by Nicholas Boyarsky and Peter Lang. |
| 260 ## - PUBLICATION, DISTRIBUTION, ETC. (IMPRINT) |
| Place of publication, distribution, etc |
Chichester, West Sussex, England : |
| Name of publisher, distributor, etc |
Wiley-Academy, |
| Date of publication, distribution, etc |
2003. |
| 300 ## - PHYSICAL DESCRIPTION |
| Extent |
128 p. : |
| Other physical details |
ill. (some col.), col. maps ; |
| Dimensions |
29 cm. |
| 490 1# - SERIES STATEMENT |
| Series statement |
Architectural design ; |
| Volume number/sequential designation |
v. 73, no. 5, Sept./Oct. 2003 |
| 490 1# - SERIES STATEMENT |
| Series statement |
Profile ; |
| Volume number/sequential designation |
no. 165 |
| 650 #0 - SUBJECT ADDED ENTRY--TOPICAL TERM |
| Topical term or geographic name as entry element |
Cities and towns |
| General subdivision |
Growth. |
| 650 #0 - SUBJECT ADDED ENTRY--TOPICAL TERM |
| Topical term or geographic name as entry element |
Architecture |
| Geographic subdivision |
Asia |
| General subdivision |
History |
| Chronological subdivision |
20th century. |
| 650 #0 - SUBJECT ADDED ENTRY--TOPICAL TERM |
| Topical term or geographic name as entry element |
Architecture |
| Geographic subdivision |
Asia |
| General subdivision |
History |
| Chronological subdivision |
21st century. |
| 700 1# - ADDED ENTRY--PERSONAL NAME |
| Personal name |
Boyarsky, Nicholas. |
| 700 1# - ADDED ENTRY--PERSONAL NAME |
| Personal name |
Lang, Peter, |
| Dates associated with a name |
1957- |
| 830 #0 - SERIES ADDED ENTRY--UNIFORM TITLE |
| Uniform title |
Architectural design (London, England : 1971) ; |
| Volume number/sequential designation |
v. 73, no. 5. |
| 830 #0 - SERIES ADDED ENTRY--UNIFORM TITLE |
| Uniform title |
Architectural design profile ; |
| Volume number/sequential designation |
165. |
| 942 ## - ADDED ENTRY ELEMENTS (KOHA) |
| Source of classification or shelving scheme |
|